000 00783 a2200241 4500
999 _c200131217
_d18731
001 200131217
003 TR-AnTOB
005 20190408221832.0
008 140116b tu 000 0
020 _a9786053608066
040 _aTR-AnTOB
_cTR-AnTOB
041 _atur
050 _aPQ2635.O7
_bC993 2013
090 _aPQ2635 .O7 C993 2013
100 _aRostand, Edmond,
_d1868-1918
_995360
245 1 0 _aCyrano De Bergerac /
_cEdmond Rostand ; çev. Sabri Esat Siyavuşgil.
264 1 _a:
_bTürkiye İş Bankası Kültür Yayınları,
_c2013
300 _axxii, 250 s. ;
_c22 cm.
490 0 _aGenel Yayın ;no.
_a2718 .
_aHasan Ali Yücel Klasikler Dizisi ;no.|p CXCIII
600 1 0 _aRostand, Edmond,
_d1868-1918.
_tCyrano de Bergerac
_9117610
942 _cBK
_2lcc